[Event "Stay Safe Play From Home 206"]
[Site "T#646635Emanuel Laske"]
[Date "2020.06.07"]
[Round "4"]
[White "Rogan"]
[Black "Mepe_Nika"]
[Result "1-0"]
[WhiteElo "2179"]
[BlackElo "2366"]
[Annotator "TA"]
[PlyCount "103"]
[EventDate "2020.06.07"]
[EventType "swiss (blitz)"]

{[%evp 12,102,-16,-47,0,0,-15,-39,0,-3,0,-236,-236,-243,-243,-232,-225,-277,-158,-163,-131,-131,-129,-126,-127,-121,-106,-129,-93,-93,-93,-93,-73,-103,-37,-37,-36,-55,-60,-54,-30,-60,-57,-55,-42,-66,-35,-35,-27,-29,0,-28,0,0,0,-37,0,0,0,0,0,0,0,-12,-8,-8,8,9,565,565,564,563,494,394,340,220,533,532,532,532,500,489,578,592,29983,0,332,0,29983,29984,29995,29996,29999]} 1. d4 c5 2. c3 cxd4 3. cxd4 d5 4. Nf3 Nc6 5. Nc3 Nf6 6. Bg5 Ne4 7. Bh4 Bf5 {D13: Slav Defence: Exchange variation without ...Bf5.} 8. e3 Qb6 {[#]} 9. Qb3 $146 ({Predecessor:} 9. Nxd5 Qa5+ 10. Nc3 Nxc3 11. bxc3 Qxc3+ 12. Nd2 e6 13. Bb5 Bb4 14. a3 Ba5 15. Ra2 Bd3 16. Bxd3 Qxd3 17. Qc2 Bxd2+ 18. Qxd2 Qb1+ {0-1 (18) Guliev,S (2403)-Gadimbayli,A (2315) Baku 2017}) 9... e6 {Black is slightly better.} 10. Qxb6 axb6 11. Be2 $2 (11. Nxe4 $1 $11 {and White has nothing to worry.} Bxe4 12. Bb5) 11... Bb4 $19 12. O-O Bxc3 ({Don't do} 12... Nxc3 13. bxc3 Bxc3 14. Rac1) 13. bxc3 Nxc3 14. Rfe1 {[#]} O-O (14... Nb4 $1 $19 {...Nc2 is the strong threat.} 15. Bd1 f6) 15. a3 $17 Nxe2+ 16. Rxe2 Ra6 17. Rb2 Rfa8 18. h3 h6 19. Bg3 Rxa3 20. Rxa3 Rxa3 21. Rxb6 Ra7 22. Ne5 Nxe5 (22... Na5 $17 {Strongly threatening ...f6.} 23. Rd6 Ra8) 23. Bxe5 {[%mdl 4096] Endgame KRB-KRB} Bd3 24. Bb8 Ra1+ 25. Kh2 Ba6 26. Be5 Ra2 27. Kg3 Rc2 28. Rd6 f6 29. Rd8+ Kf7 30. Bd6 Kg6 31. h4 h5 32. Rd7 Rc8 33. Kf4 Re8 34. f3 Bf1 35. g4 hxg4 36. fxg4 b5 37. Rb7 Be2 38. h5+ Kh7 39. g5 {Hoping for gxf6.} fxg5+ $2 {[%mdl 8192]} (39... e5+ $1 $11 {and Black is okay.} 40. dxe5 fxg5+ 41. Kxg5 Re6) 40. Kxg5 $18 Rd8 41. Be5 Rg8 42. h6 Bc4 43. Bxg7 b4 $2 (43... Be2 {is a better chance.} 44. Kf6 Bd3) 44. Rxb4 Bd3 45. Rb7 Bf5 46. Kf6 Rc8 47. Bf8+ Kg8 48. Bg7 $2 (48. Bd6 {mates} Ra8 49. Rf7 Bb1 50. Rg7+ Kh8 51. Be5 Ra2 52. Rb7 Rf2+ 53. Kxe6+ Kg8 54. Rg7+ Kh8 55. Rf7+ Kg8 {[#]} 56. h7+ $1 {[%mdl 512]} Bxh7 57. Rxf2) 48... Kh7 $1 49. Bf8+ $2 (49. Ra7 $18) 49... Kg8 50. Bd6 {White mates.} Rf8+ 51. Bxf8 Kxf8 52. Rb8# {Accuracy: White = 74%, Black = 53%.} 1-0

[Event "Stay Safe Play From Home 206"]
[Site "T#646635Emanuel Laske"]
[Date "2020.06.07"]
[Round "4"]
[White "Lazieri3"]
[Black "SoulofWolf"]
[Result "1-0"]
[WhiteElo "2014"]
[BlackElo "2168"]
[Annotator "TA"]
[PlyCount "95"]
[EventDate "2020.06.07"]
[EventType "swiss (blitz)"]

{[%evp 9,95,138,145,35,197,66,526,527,506,467,464,461,495,381,368,353,388,329,388,392,375,257,267,251,268,258,258,261,437,437,437,448,453,440,427,134,462,-135,666,640,633,615,789,458,928,925,928,909,1412,1435,1353,1318,29985,29986,29986,29987,29987,29988,29990,29991,29994,29991,29991,29991,29991,29992,29992,29991,29991,29991,29993,29992,29992,29993,29993,29994,29994,29995,29996,29997,29998,29997,29998,29998,29998,29998,29999,29999]} 1. e4 b6 2. Nc3 Nc6 3. d4 e6 4. Nf3 d5 5. exd5 exd5 {[#]} 6. Bf4 $146 {B00: Queen's Fianchetto Defence, Nimzowitsch Defence.} (6. Bb5 $1 $16 Nge7 7. Qe2) ({Predecessor:} 6. Bb5 Bb7 7. Qe2+ Nge7 8. Ne5 Qd6 9. O-O Qe6 10. Qf3 a6 11. Bxc6+ Bxc6 12. Bf4 {1-0 (35) Martinez Martinez,A (1525)-Martin Rodriguez,J (1291) Madrid 2017}) 6... Be7 $2 (6... Bb4 $14) 7. Ne5 ({White has to play} 7. Bb5 $18 Bd7 8. Nxd5) 7... Nf6 $2 {[%mdl 8192]} ({Better is} 7... Nxe5 $14 8. Bxe5 Nf6) 8. Nxc6 {White is clearly winning.} Qd7 9. Nxe7 Qxe7+ 10. Qe2 Be6 11. Kd1 O-O 12. g3 Rae8 13. Bg2 Qd7 14. f3 c5 15. dxc5 {And now Qb5 would win.} d4 16. Ne4 Nd5 17. Qd2 bxc5 18. Re1 f6 $2 (18... Rc8 19. Kc1 Rfd8) 19. Nxc5 $18 Qc6 20. Nxe6 Rxe6 21. Rxe6 Qxe6 22. Qxd4 $2 (22. Qd3 $18 {has better winning chances.}) 22... Rd8 $2 {[%mdl 8192]} (22... Re8 $16 {is a better chance.} 23. Be5 fxe5) 23. Kc1 $2 (23. Bd2 $18) 23... Rd7 $2 {[%mdl 8192]} (23... Qe1+ $17 24. Qd1 Qxd1+ 25. Kxd1 Nxf4+ {[%mdl 64] Discovered Attack} 26. Ke1 Nxg2+ 27. Ke2 Kf7) 24. b3 g5 25. Bd2 a5 26. f4 Nb4 (26... Nxf4 $142 27. Qe4 Ne2+ 28. Kb2 Qxe4 29. Bxe4 Rxd2) 27. Qc4 Qxc4 28. bxc4 Rc7 29. Bxb4 axb4 {[%mdl 4096] Endgame KRB-KR} 30. Kb2 Rxc4 31. Bd5+ {[%mdl 64] Double Attack. White mates.} Kg7 32. Bxc4 gxf4 33. Kb3 f5 34. gxf4 Kh6 35. Kxb4 Kh5 36. Bd3 Kh4 37. Bxf5 h5 38. Bg6 Kg4 {[#]} 39. Bxh5+ $1 Kxh5 {KR-K} 40. a4 Kg6 41. a5 Kf5 42. a6 Kxf4 43. a7 Ke3 44. a8=Q Kd2 45. Qd8+ Kxc2 46. Ra2+ Kb1 47. Rg2 {[%cal Rd8d1]} Ka1 48. Qf8 {White took control after the opening. Accuracy: White = 35%, Black = 22%.} 1-0

[Event "Stay Safe Play From Home 206"]
[Site "T#646635Emanuel Laske"]
[Date "2020.06.07"]
[Round "4"]
[White "Tumnik_ad"]
[Black "EL sanbary"]
[Result "1-0"]
[WhiteElo "1970"]
[BlackElo "1927"]
[Annotator "RC"]
[PlyCount "107"]
[EventDate "2020.06.07"]
[EventType "swiss (blitz)"]

1. c3 {[%emt 0:00:03]} c5 {[%emt 0:00:01]} 2. d3 {[%emt 0:00:00]} g6 {[%emt 0:00:01]} 3. Nd2 {[%emt 0:00:00]} Bg7 {[%emt 0:00:02]} 4. h3 {[%emt 0:00:00]} Nc6 {[%emt 0:00:01]} 5. g4 {[%emt 0:00:00]} e5 {[%emt 0:00:01]} 6. Bg2 {[%emt 0:00:00]} Nge7 {[%emt 0:00:01]} 7. Nf1 {[%emt 0:00:00]} O-O {[%emt 0:00:01]} 8. Ng3 {[%emt 0:00:00]} d6 {[%emt 0:00:01]} 9. Nf3 {[%emt 0:00:00]} Be6 {[%emt 0:00:01]} 10. Ng5 {[%emt 0:00:03]} Bd7 {[%emt 0:00:01]} 11. c4 {[%emt 0:00:04]} h6 {[%emt 0:00:00]} 12. Nf3 {[%emt 0:00:02]} Be6 {[%emt 0:00:01]} 13. g5 {[%emt 0:00:02]} h5 {[%emt 0:00:01]} 14. h4 {[%emt 0:00:01]} Qd7 {[%emt 0:00:02]} 15. Ng1 {[%emt 0:00:01]} Nf5 {[%emt 0:00:02]} 16. Bh3 {[%emt 0:00:00]} Nxg3 {[%emt 0:00:01]} 17. Bxe6 {[%emt 0:00:01]} fxe6 {[%emt 0:00:01]} 18. fxg3 {[%emt 0:00:00]} Qf7 {[%emt 0:00:02]} 19. Nh3 {[%emt 0:00:03]} Nd4 {[%emt 0:00:02]} 20. Be3 {[%emt 0:00:02]} d5 {[%emt 0:00:05]} 21. Bxd4 {[%emt 0:00:05]} exd4 {[%emt 0:00:00]} 22. Qd2 {[%emt 0:00:03]} Be5 {[%emt 0:00:02]} 23. Nf4 {[%emt 0:00:05]} Bxf4 {[%emt 0:00:02]} 24. gxf4 {[%emt 0:00:03]} Qxf4 {[%emt 0:00:00]} 25. O-O-O {[%emt 0:00:00]} Qg4 {[%emt 0:00:02]} 26. Rdg1 {[%emt 0:00:03]} Qf5 {[%emt 0:00:01]} 27. Rg3 {[%emt 0:00:09]} dxc4 {[%emt 0:00:01]} 28. Rf3 {[%emt 0:00:02]} Qe5 {[%emt 0:00:02]} 29. dxc4 {[%emt 0:00:02]} Rxf3 {[%emt 0:00:02]} 30. exf3 {[%emt 0:00:00]} Rf8 {[%emt 0:00:02]} 31. Re1 {[%emt 0:00:01]} Qf5 {[%emt 0:00:01]} 32. Qe2 {[%emt 0:00:01]} Re8 {[%emt 0:00:03]} 33. Qe5 {[%emt 0:00:01]} Qxe5 {[%emt 0:00:01]} 34. Rxe5 {[%emt 0:00:00]} b6 {[%emt 0:00:00]} 35. f4 {[%emt 0:00:00]} Kf7 {[%emt 0:00:01]} 36. Kd2 {[%emt 0:00:00]} Rd8 {[%emt 0:00:01]} 37. Re2 {[%emt 0:00:00]} Rd6 {[%emt 0:00:01]} 38. Kd3 {[%emt 0:00:00]} a6 {[%emt 0:00:01]} 39. Re5 {[%emt 0:00:00]} Rc6 {[%emt 0:00:02]} 40. Re2 {[%emt 0:00:00]} Rc7 {[%emt 0:00:01]} 41. b3 {[%emt 0:00:00]} Re7 {[%emt 0:00:00]} 42. a3 {[%emt 0:00:00]} e5 {[%emt 0:00:01]} 43. Rxe5 {[%emt 0:00:00]} Rxe5 {[%emt 0:00:01]} 44. fxe5 {[%emt 0:00:00]} Ke6 {[%emt 0:00:00]} 45. Ke4 {[%emt 0:00:00]} b5 {[%emt 0:00:00]} 46. b4 {[%emt 0:00:00]} bxc4 {[%emt 0:00:01]} 47. bxc5 {[%emt 0:00:01]} c3 {[%emt 0:00:01]} 48. c6 {[%emt 0:00:00]} c2 {[%emt 0:00:01]} 49. c7 {[%emt 0:00:00]} c1=Q {[%emt 0:00:00]} 50. c8=Q+ {[%emt 0:00:01]} Qxc8 {[%emt 0:00:02]} 51. Kxd4 {[%emt 0:00:00]} Qc6 {[%emt 0:00:00]} 52. Ke3 {[%emt 0:00:01]} Qd5 {[%emt 0:00:00]} 53. Kf2 {[%emt 0:00:00]} Qxe5 {[%emt 0:00:01]} 54. Kg2 {[%emt 0:00:01] (Lag: Av=0.33s, max=1.1s)} 1-0

[Event "Stay Safe Play From Home 206"]
[Site "T#646635Emanuel Laske"]
[Date "2020.06.07"]
[Round "4"]
[White "Trotsky"]
[Black "Sfantul321"]
[Result "0-1"]
[WhiteElo "1608"]
[BlackElo "1982"]
[Annotator "NA RC"]
[PlyCount "52"]
[EventDate "2020.06.07"]
[EventType "swiss (blitz)"]

1. d4 {[%emt 0:00:01]} g6 {[%emt 0:00:00]} 2. e3 {[%emt 0:00:01]} Bg7 {[%emt 0:00:00]} 3. c4 {[%emt 0:00:02]} d6 {[%emt 0:00:00]} 4. Nc3 {[%emt 0:00:01]} Nf6 {[%emt 0:00:00]} 5. Qc2 {[%emt 0:00:01]} O-O {[%emt 0:00:00]} 6. Bd3 {[%emt 0:00:01]} c5 {[%emt 0:00:00]} 7. d5 {[%emt 0:00:01]} e6 {[%emt 0:00:01]} 8. Nf3 {[%emt 0:00:01]} exd5 {[%emt 0:00:00]} 9. Ng5 {[%emt 0:00:01]} h6 {[%emt 0:00:02]} 10. h4 {[%emt 0:00:01]} dxc4 {[%emt 0:00:03]} 11. Bxg6 {[%emt 0:00:01]} fxg6 {[%emt 0:00:02]} 12. Qxg6 {[%emt 0:00:01]} Qe8 {[%emt 0:00:01]} 13. Qc2 {[%emt 0:00:02]} Nc6 {[%emt 0:00:01]} 14. a3 {[%emt 0:00:02]} Ne5 {[%emt 0:00:01]} 15. Nce4 {[%emt 0:00:01]} Nxe4 {[%emt 0:00:01]} 16. Qxe4 {[%emt 0:00:01]} Bf5 {[%emt 0:00:02]} 17. Qd5+ {[%emt 0:00:02]} Kh8 {[%emt 0:00:02]} 18. e4 {[%emt 0:00:02]} Bd7 {[%emt 0:00:03]} 19. f4 {[%emt 0:00:07]} Nd3+ {[%emt 0:00:02]} 20. Ke2 {[%emt 0:00:05]} Nxf4+ {[%emt 0:00:02]} 21. Bxf4 {[%emt 0:00:03]} Rxf4 {[%emt 0:00:01]} 22. Raf1 {[%emt 0:00:02]} Qe5 {[%emt 0:00:04]} 23. Nf7+ {[%emt 0:00:03]} Rxf7 {[%emt 0:00:02]} 24. Qxf7 {[%emt 0:00:01]} Rf8 {[%emt 0:00:01]} 25. Qxd7 {[%emt 0:00:06]} Qxb2+ {[%emt 0:00:01]} 26. Ke3 {[%emt 0:00:03]} Bd4# {[%emt 0:00:02] (Lag: Av=0.19s, max=0.4s)} 0-1

[Event "Stay Safe Play From Home 206"]
[Site "T#646635Emanuel Laske"]
[Date "2020.06.07"]
[Round "4"]
[White "Epicure62"]
[Black "NeatFox"]
[Result "0-1"]
[WhiteElo "1401"]
[BlackElo "1796"]
[Annotator "NA RC"]
[PlyCount "40"]
[EventDate "2020.06.07"]
[EventType "swiss (blitz)"]

1. d4 {[%emt 0:00:02]} c6 {[%emt 0:00:00]} 2. Nf3 {[%emt 0:00:02]} d5 {[%emt 0:00:00]} 3. Bg5 {[%emt 0:00:03]} g6 {[%emt 0:00:01]} 4. e3 {[%emt 0:00:01]} Bg7 {[%emt 0:00:00]} 5. c3 {[%emt 0:00:01]} Nf6 {[%emt 0:00:00]} 6. Bd3 {[%emt 0:00:02]} O-O {[%emt 0:00:00]} 7. Nbd2 {[%emt 0:00:02]} Bg4 {[%emt 0:00:00]} 8. Bxf6 {[%emt 0:00:03]} exf6 {[%emt 0:00:01]} 9. h3 {[%emt 0:00:01]} Be6 {[%emt 0:00:02]} 10. O-O {[%emt 0:00:04]} Nd7 {[%emt 0:00:01]} 11. c4 {[%emt 0:00:01]} dxc4 {[%emt 0:00:02]} 12. Nxc4 {[%emt 0:00:03]} Nb6 {[%emt 0:00:01]} 13. Nxb6 {[%emt 0:00:02]} Qxb6 {[%emt 0:00:01]} 14. b3 {[%emt 0:00:03]} f5 {[%emt 0:00:02]} 15. Qc2 {[%emt 0:00:02]} Rac8 {[%emt 0:00:02]} 16. Ne5 {[%emt 0:00:01]} c5 {[%emt 0:00:02]} 17. Nd7 {[%emt 0:00:02]} Qd6 {[%emt 0:00:05]} 18. Ne5 {[%emt 0:00:03]} cxd4 {[%emt 0:00:02]} 19. exd4 {[%emt 0:00:02]} Rxc2 {[%emt 0:00:01]} 20. Nc4 {[%emt 0:00:03]} Qxd4 {[%emt 0:00:05] Epicure62 abandonne (Lag: Av=0.46s, max=2.7s)} 0-1

[Event "Stay Safe Play From Home 206"]
[Site "T#646635Emanuel Laske"]
[Date "2020.06.07"]
[Round "4"]
[White "Cubail"]
[Black "SecantFX"]
[Result "0-1"]
[WhiteElo "1365"]
[BlackElo "1819"]
[Annotator "NA RC"]
[PlyCount "60"]
[EventDate "2020.06.07"]
[EventType "swiss (blitz)"]

1. f4 {[%emt 0:00:01]} b6 {[%emt 0:00:00]} 2. e4 {[%emt 0:00:02]} Bb7 {[%emt 0:00:00]} 3. Nc3 {[%emt 0:00:01]} c6 {[%emt 0:00:00]} 4. d4 {[%emt 0:00:01]} g6 {[%emt 0:00:00]} 5. Bd3 {[%emt 0:00:01]} Bg7 {[%emt 0:00:00]} 6. Be3 {[%emt 0:00:01]} e6 {[%emt 0:00:00]} 7. Nf3 {[%emt 0:00:01]} Ne7 {[%emt 0:00:00]} 8. O-O {[%emt 0:00:01]} O-O {[%emt 0:00:00]} 9. Ng5 {[%emt 0:00:03]} f5 {[%emt 0:00:00]} 10. e5 {[%emt 0:00:02]} h6 {[%emt 0:00:01]} 11. Nh3 {[%emt 0:00:02]} Nd5 {[%emt 0:00:01]} 12. Nxd5 {[%emt 0:00:03]} cxd5 {[%emt 0:00:00]} 13. c3 {[%emt 0:00:01]} Nc6 {[%emt 0:00:01]} 14. g4 {[%emt 0:00:02]} a5 {[%emt 0:00:01]} 15. a3 {[%emt 0:00:01]} Kh8 {[%emt 0:00:01]} 16. Qf3 {[%emt 0:00:01]} Rg8 {[%emt 0:00:01]} 17. Qg3 {[%emt 0:00:02]} Ne7 {[%emt 0:00:01]} 18. Qh4 {[%emt 0:00:02]} Rf8 {[%emt 0:00:03]} 19. Ng5 {[%emt 0:00:03]} Kg8 {[%emt 0:00:03]} 20. Nf3 {[%emt 0:00:03]} Nc6 {[%emt 0:00:01]} 21. Rf2 {[%emt 0:00:02]} Qxh4 {[%emt 0:00:01]} 22. Nxh4 {[%emt 0:00:02]} Kf7 {[%emt 0:00:00]} 23. Rg2 {[%emt 0:00:03]} Rg8 {[%emt 0:00:01]} 24. g5 {[%emt 0:00:02]} h5 {[%emt 0:00:01]} 25. Nf3 {[%emt 0:00:01]} Bf8 {[%emt 0:00:01]} 26. Nd2 {[%emt 0:00:01]} d6 {[%emt 0:00:01]} 27. b3 {[%emt 0:00:03]} dxe5 {[%emt 0:00:01]} 28. fxe5 {[%emt 0:00:02]} Na7 {[%emt 0:00:01]} 29. a4 {[%emt 0:00:03]} Rc8 {[%emt 0:00:01]} 30. Rc1 {[%emt 0:00:02]} Rc7 {[%emt 0:00:00] Time (Lag: Av=0.36s, max=0.6s)} 0-1

[Event "Stay Safe Play From Home 206"]
[Site "T#646635Emanuel Laske"]
[Date "2020.06.07"]
[Round "5"]
[White "Mepe_Nika"]
[Black "SoulofWolf"]
[Result "1-0"]
[WhiteElo "2341"]
[BlackElo "2144"]
[Annotator "TA"]
[PlyCount "35"]
[EventDate "2020.06.07"]
[EventType "swiss (blitz)"]

{[%evp 9,35,16,50,39,126,52,52,56,88,-14,153,139,140,72,64,-19,345,187,187,135,229,235,1459,1469,1447,1445,1629,1625]} 1. d4 d6 2. Bf4 c5 3. dxc5 Qa5+ 4. Nc3 Qxc5 5. Nf3 {[#]} a6 $146 ({Predecessor:} 5... Nf6 6. Qd2 Nc6 7. e4 Qb4 8. Bd3 Bg4 9. O-O Bxf3 10. gxf3 Nd4 11. Kg2 Rc8 {½-½ (27) Weber,T-Begna,B (2068) Dortmund 2015}) 6. e4 {aiming for Nd5. A41: 1 d4 d6: Tartakower System and Modern Defence.} b5 (6... Nf6 $14) 7. Be2 (7. Nd5 $16 {Black must now prevent c4!} Nf6 8. Be3) 7... Bb7 $14 8. O-O {White is slightly better.} Nf6 9. Qd2 (9. e5 $16 dxe5 10. Nxe5) 9... Nxe4 $2 (9... b4 $11 10. Nb1 (10. Na4 Qa5 $15) 10... Nxe4) 10. Nxe4 $16 Bxe4 {[#]} 11. a4 (11. c4 $142 $1) 11... b4 12. c3 ({Better is} 12. Rad1 $14) 12... a5 $2 {[%mdl 8192] This costs Black the game.} (12... bxc3 $11 13. Qxc3 Qxc3 14. bxc3 Nd7) 13. Be3 (13. Bb5+ $142 Bc6 14. cxb4 Qxb4 15. Qc1) 13... bxc3 $18 14. bxc3 ({Don't do} 14. Bxc5 $6 cxd2 15. Nxd2 Bc6 $14) (14. Qc1 $18 Qc7 {[#]} 15. Nd2 $1 {[%mdl 512]} (15. bxc3 e5 $15) (15. Qxc3 Qxc3 16. bxc3 Nd7 $11)) 14... Qf5 (14... Qc8 $16) 15. Nd4 Nd7 $2 (15... Qd7 16. Bb5 Bc6) 16. Nxf5 {White is clearly winning.} Bxf5 {[#]} 17. Qd5 $1 {[%mdl 64] Double Attack} Be4 18. Qxe4 {Accuracy: White = 30%, Black = 22%.} 1-0

[Event "Stay Safe Play From Home 206"]
[Site "T#646635Emanuel Laske"]
[Date "2020.06.07"]
[Round "5"]
[White "Rogan"]
[Black "Lazieri3"]
[Result "1-0"]
[WhiteElo "2204"]
[BlackElo "2039"]
[Annotator "TA"]
[PlyCount "139"]
[EventDate "2020.06.07"]
[EventType "swiss (blitz)"]

{[%evp 9,138,0,6,1,9,4,10,0,0,0,0,0,3,-16,0,6,6,0,0,4,2,-5,12,0,0,0,0,0,-3,-6,0,0,0,0,0,0,0,0,0,0,121,0,4,0,4,0,0,0,109,0,109,0,0,0,0,0,0,0,0,0,0,0,0,0,143,72,73,81,106,0,29980,29981,29980,29978,29982,29983,29983,29983,29985,29986,29987,29988,29988,29987,29986,29986,29986,29987,29990,29991,29991,29992,29992,29992,29992,29992,29992,29990,29990,29989,29989,29990,29990,29991,29991,29992,29992,29992,29993,29994,29994,29994,29994,29994,29996,29994,29994,29995,29996,29996,29996,29997,29998,29997,29998,29998,29998,29998,29998,29999,29999]} 1. d4 c6 2. c3 d5 3. Nf3 Nf6 4. Bg5 Bf5 5. e3 e6 6. Bd3 {D02: 1 d4 d5 2 Nf3 sidelines, including 2...Nf6 3 g3 and 2...Nf6 3 Bf4.} Bxd3 7. Qxd3 Be7 {[#]} 8. Ne5 $146 {The position is equal.} ({Predecessor:} 8. O-O O-O 9. Nbd2 Nbd7 10. Qc2 c5 11. Rfe1 Rc8 12. Re2 b5 13. a3 a5 14. Qd3 {0-1 (24) Maselli,D (1717)-Nordenbaek,J (2134) Helsingor 2015}) 8... Ne4 9. Bxe7 Qxe7 10. O-O Nd7 11. f4 f6 12. Nxd7 Qxd7 13. Nd2 Nxd2 14. Qxd2 O-O 15. a4 Rae8 16. a5 a6 17. Ra3 e5 18. fxe5 fxe5 {aiming for ...Rxf1+.} 19. Raa1 e4 20. Qe2 Qe7 21. Qh5 Rxf1+ 22. Rxf1 Rf8 23. Rxf8+ Qxf8 $11 {[%mdl 4096] Endgame KQ-KQ} 24. Qe5 g6 (24... Qd8 $11 {keeps the balance.}) 25. h4 ({White should play} 25. Qe6+ $16 Qf7 26. Qe5) 25... Qf7 26. Kh2 h5 27. Qb8+ Kg7 28. Qe5+ Qf6 (28... Kg8 $11 {remains equal.}) 29. Qc7+ (29. Kh3 $16) 29... Qf7 (29... Kh6 $11 30. Kg3 Qe6) 30. Qc8 (30. Qxf7+ $1 $16 Kxf7 31. Kg3) 30... Kh7 31. Kg3 Kg7 32. Qb8 Kh7 33. Qe5 (33. Qd6 {seems wilder.} Kg8 34. c4 dxc4 35. Qb8+ Kh7 36. Qe5) 33... Kg8 34. b3 Kh7 35. Qd6 (35. b4 {is more complex.} Kg8 36. Qf4 Kg7 37. Qxf7+ Kxf7 38. Kf4) 35... Kg7 36. c4 dxc4 {[#]} (36... Kg8 $11) 37. bxc4 (37. Qe5+ $142 $1 Kf8 38. Qb8+ Kg7 39. bxc4) 37... Qxc4 $16 38. Qe5+ Kh7 39. Qxe4 (39. Qc7+ $16 Kh6 40. Qb8 (40. Qxb7 Qc3 $11)) 39... Qd5 $2 {[%mdl 8192] [#] White now steadily converts the win.} (39... Qb4 $11) 40. Qxd5 $1 {White mates.} cxd5 {KP-KP} 41. Kf4 Kg7 42. Ke5 Kf7 43. Kxd5 Ke7 44. e4 g5 45. hxg5 h4 46. g6 Kf6 47. Kd6 Kxg6 48. e5 b5 49. axb6 Kf5 50. b7 h3 51. b8=Q hxg2 52. Qf8+ Ke4 53. Qg7 Kf3 {[#]} 54. Qxg2+ $1 {[%mdl 64] Promotion} Kxg2 {KPP-KP} 55. e6 a5 56. e7 a4 57. e8=Q a3 58. Qa4 a2 59. Qxa2+ Kf3 60. Qe6 Kf4 61. Ke7 Kg5 62. d5 Kf4 63. d6 Kg5 64. d7 Kf4 65. d8=Q Kg5 66. Qdd5+ Kh4 67. Qee4+ Kg3 68. Qdd3+ Kh2 69. Qee2+ Kg1 70. Qdd1# {Accuracy: White = 85%, Black = 85%.} 1-0

[Event "Stay Safe Play From Home 206"]
[Site "T#646635Emanuel Laske"]
[Date "2020.06.07"]
[Round "5"]
[White "Sfantul321"]
[Black "Möwe"]
[Result "1-0"]
[WhiteElo "1985"]
[BlackElo "1481"]
[Annotator "NA RC"]
[PlyCount "69"]
[EventDate "2020.06.07"]
[EventType "swiss (blitz)"]

1. c4 {[%emt 0:00:01]} c5 {[%emt 0:00:01]} 2. Nc3 {[%emt 0:00:00]} Nc6 {[%emt 0:00:01]} 3. g3 {[%emt 0:00:00]} e6 {[%emt 0:00:00]} 4. Bg2 {[%emt 0:00:00]} Nf6 {[%emt 0:00:00]} 5. e3 {[%emt 0:00:01]} d5 {[%emt 0:00:00]} 6. cxd5 {[%emt 0:00:01]} exd5 {[%emt 0:00:00]} 7. d4 {[%emt 0:00:00]} cxd4 {[%emt 0:00:01]} 8. exd4 {[%emt 0:00:01]} Be7 {[%emt 0:00:00]} 9. Nge2 {[%emt 0:00:01]} O-O {[%emt 0:00:01]} 10. h3 {[%emt 0:00:00]} Bf5 {[%emt 0:00:01]} 11. a3 {[%emt 0:00:01]} Be4 {[%emt 0:00:01]} 12. Nxe4 {[%emt 0:00:02]} dxe4 {[%emt 0:00:01]} 13. Be3 {[%emt 0:00:00]} Nd5 {[%emt 0:00:02]} 14. O-O {[%emt 0:00:02]} Nxe3 {[%emt 0:00:01]} 15. fxe3 {[%emt 0:00:01]} Qb6 {[%emt 0:00:04]} 16. Bxe4 {[%emt 0:00:03]} Rad8 {[%emt 0:00:08]} 17. b4 {[%emt 0:00:03]} Bg5 {[%emt 0:00:04]} 18. Qd3 {[%emt 0:00:01]} Ne5 {[%emt 0:00:02]} 19. Bxh7+ {[%emt 0:00:04]} Kh8 {[%emt 0:00:02]} 20. Qe4 {[%emt 0:00:01]} Ng6 {[%emt 0:00:06]} 21. Bxg6 {[%emt 0:00:01]} fxg6 {[%emt 0:00:02]} 22. Nf4 {[%emt 0:00:01]} Bxf4 {[%emt 0:00:01]} 23. Rxf4 {[%emt 0:00:02]} Rxf4 {[%emt 0:00:01]} 24. Qxf4 {[%emt 0:00:01]} Qe6 {[%emt 0:00:03]} 25. Qh4+ {[%emt 0:00:02]} Kg8 {[%emt 0:00:01]} 26. Qxd8+ {[%emt 0:00:01]} Kh7 {[%emt 0:00:00]} 27. Qh4+ {[%emt 0:00:00]} Kg8 {[%emt 0:00:02]} 28. Qf4 {[%emt 0:00:00]} g5 {[%emt 0:00:01]} 29. Qxg5 {[%emt 0:00:01]} Qc6 {[%emt 0:00:01]} 30. Rf1 {[%emt 0:00:02]} Qc2 {[%emt 0:00:01]} 31. Rf2 {[%emt 0:00:01]} Qc1+ {[%emt 0:00:03]} 32. Kg2 {[%emt 0:00:00]} Qxa3 {[%emt 0:00:01]} 33. Qd5+ {[%emt 0:00:05]} Kh7 {[%emt 0:00:01]} 34. Qe4+ {[%emt 0:00:01]} Kg8 {[%emt 0:00:02]} 35. Rc2 {[%emt 0:00:01] Zeit} 1-0

[Event "Stay Safe Play From Home 206"]
[Site "T#646635Emanuel Laske"]
[Date "2020.06.07"]
[Round "5"]
[White "Tumnik_ad"]
[Black "Little champs"]
[Result "0-1"]
[WhiteElo "1985"]
[BlackElo "2203"]
[Annotator "TA"]
[PlyCount "82"]
[EventDate "2020.06.07"]
[EventType "swiss (blitz)"]

{[%evp 9,82,-45,-50,-65,-44,-65,-64,-70,-56,-64,-66,-69,-54,-59,14,22,3,-89,-34,-81,-65,-74,-83,-160,-156,-166,-148,-160,-154,-168,-170,-337,-321,-322,-323,-477,-486,-528,-534,-532,-529,-533,-520,-523,-525,-481,-465,-486,-491,-672,-651,-710,-626,-873,-858,-1152,-1137,-1111,-1074,-29967,-29955,-1764,-12797,-6302,-6295,-29982,-29982,-29994,-29995,-29995,-29996,-29996,-29997,-29997,-29998]} 1. c3 e6 2. d3 d5 3. Nd2 Nf6 4. h3 {[#]} Be7 $146 ({Predecessor:} 4... Bd6 5. Qc2 Nc6 6. Ndf3 h6 7. Bd2 Bd7 8. e4 dxe4 9. dxe4 e5 10. O-O-O a5 {1-0 (59) Weber,L (1460)-Steffl,H (1639) Bad Woerishofen 2003}) 5. g4 O-O 6. Bg2 {A00: Irregular Openings.} c5 7. Nf1 Nc6 8. Ng3 {Black is slightly better.} b6 9. Nf3 Bb7 10. g5 Nd7 11. h4 Nde5 (11... Bd6 $15) 12. Nxe5 $11 Nxe5 13. Bf4 (13. f4 $1 $11 Nc6 14. Bd2) 13... Nc6 ({Black should play} 13... Ng6 $17 14. Bc1 Qc7) 14. d4 cxd4 15. cxd4 f6 $36 {[%cal Rf6g5][%mdl 2048] Black is really pushing. Black continues to play with concentration.} 16. Bc1 ({White should try} 16. e3) 16... fxg5 $17 17. hxg5 Bxg5 18. Qd3 g6 19. Bxg5 Qxg5 20. Qd2 $2 (20. Qe3 {keeps fighting.} Qxe3 21. fxe3) 20... Qxd2+ $19 21. Kxd2 Rxf2 22. Bf3 (22. Bh3 {was called for.} Re8 23. Rag1) 22... Nxd4 23. Ke3 {[#]} Rxf3+ $1 24. exf3 Nc2+ {[%mdl 64] Double Attack} 25. Ke2 Nxa1 26. Rxa1 {[%mdl 4096] Endgame KRB-KRN} Rc8 27. Kd2 Rc4 28. Ne2 Rh4 29. b3 e5 30. Rc1 d4 31. Rc7 Bxf3 32. Ng1 e4 33. Nxf3 exf3 {KR-KR} 34. Rd7 Rf4 35. Ke1 f2+ 36. Kf1 g5 37. Rxa7 g4 {Black mates.} 38. Rf7 Kxf7 39. a4 g3 40. a5 {[#]} g2+ $1 {[%mdl 64] Decoy, Promotion} 41. Kxg2 f1=Q+ {Accuracy: White = 41%, Black = 88%.} 0-1